000
00290nam a2200133 i 4500
001
bg
245
0
_a
Anglo-russkij slovar' po aerogidrodinamike.
260
_a
Moskwa,
_c
1960.
040
_c
BPK
041
_a
pol
080
_a
53
942
_c
KS
008
s pl f |000 0 pol
999
_c
8314
_d
8314